Statistics for Saharan Countries Quiz

Click here to take the quiz!

General Stats

  • This quiz has been taken 50,811 times
    (50,781 since last reset)
  • The average score is 9 of 10

Answer Stats

Country % Correct
Egypt
96%
Morocco
94%
Algeria
94%
Libya
93%
Sudan
91%
Niger
89%
Tunisia
89%
Chad
89%
Mali
86%
Mauritania
80%

Score Distribution

Percentile by Number Answered

Percent of People with Each Score

Your Score History

You have not taken this quiz since the last reset